| 000 | 00509nam a22001697a 4500 | ||
|---|---|---|---|
| 003 | OSt | ||
| 005 | 20221103173343.0 | ||
| 008 | 150522b xxu||||| |||| 00| 0 eng d | ||
| 040 | _cBiblioteca Lado V | ||
| 082 |
_a708 _bG561e |
||
| 100 |
_9303 _aGlissant, Edouard _eDirector |
||
| 245 |
_aEspaces des Ameriques/ _bMusee Martiniquais des Arts des Ameriques/ |
||
| 260 | _cGroup Bernard Hayot | ||
| 300 |
_a118p. _c24x24cm |
||
| 710 |
_aJoan Duran _92735 |
||
| 942 |
_2ddc _c1 _h708 _iG561e _n0 |
||
| 999 |
_c2493 _d2493 |
||